000 00804nma a22001937a 4500
006 g q ||
999 _c50511
_d50511
005 20210325200623.0
008 s2549 th tha d
040 _aNALT
041 _atha
090 _aCD949/1,CD949/2
100 0 _aธนศักดิ์ กาญจนรัตน์วารี
245 1 0 _aแก้ปัญหาคอมพิวเตอร์ 2006 ฉบับมือใหม่ [CD-ROM]
260 3 _aนนทบุรี :
_bไอดีซี อินโฟ ดิสทริบิวเตอร์ เซ็นเตอร์,
_c2549
300 _a1 แผ่นsd., col.
650 0 4 _aคอมพิวเตอร์ -- การแก้ปัญหาการใช้งาน
850 _aNALT
942 _cCD
_2local